Zmeny vo vývoji regionálnej nezamestnanosti a v priamych zahraničných investíciách v podmienkach SR
Komparácia okresov Slovenskej republiky z pohľadu zmien v evidovanej miere nezamestnanosti ako dôsledok zmeny v podiele ekonomicky aktívneho obyvateľstva a priamych zahraničných investícií v rokoch 2009 až 2014.
Guardado en:
| Autor principal: | |
|---|---|
| Otros Autores: | |
| Formato: | Capítulo de libro |
| Lenguaje: | eslovaco |
| Materias: | |
| Etiquetas: |
Sin Etiquetas, Sea el primero en etiquetar este registro!
|
MARC
| LEADER | 00000nla a2200000 4500 | ||
|---|---|---|---|
| 001 | 0234979 | ||
| 005 | 20240417075125.1 | ||
| 041 | 0 | |a slo | |
| 044 | |a CZ | ||
| 245 | 1 | 0 | |a Zmeny vo vývoji regionálnej nezamestnanosti a v priamych zahraničných investíciách v podmienkach SR |c Radomíra Hornyák Gregáňová, Miriam Pietriková |
| 520 | |a Komparácia okresov Slovenskej republiky z pohľadu zmien v evidovanej miere nezamestnanosti ako dôsledok zmeny v podiele ekonomicky aktívneho obyvateľstva a priamych zahraničných investícií v rokoch 2009 až 2014. | ||
| 610 | 2 | 0 | |a Slovensko |
| 610 | 2 | 0 | |a regióny |
| 610 | 2 | 0 | |a miera nezamestnanosti |
| 610 | 2 | 0 | |a obyvateľstvo aktívne |
| 610 | 2 | 0 | |a investície priame zahraničné |
| 610 | 2 | 0 | |a porovnanie štatistické |
| 100 | 1 | |a Hornyák Gregáňová, Radomíra | |
| 700 | 1 | |a Pietriková, Miriam | |